00321nam a22001097a 4500008004100000020001800041050002400059100001900083245003700102260006000139300001200199170926b xxu||||| |||| 00| 0 eng d a9789966255273 aPR 9381.9 .M33 2011 aMbaya Florence aA Journey WithincFlorence Mbaya aNairobi :bEast African Educational Publishers ,c2011. a186p. :